Southville International School and Colleges
Your cart is empty.
  • Cart
  • Lists
    Public lists Eva Luna New books Lux_list list_1
    Your lists Log in to create your own lists
  • Log in to your account
  • Your cookies
  • Search history
Southville International School and Colleges
  • Advanced search
  • Recent comments
  • Most popular
  • Libraries

Log in to your account

Log in with GOOGLE


If you do not have an external account, but do have a local account, you can still log in:

  1. Home
  2. MARC view: Pharmacy in public health :
Normal view MARC view ISBD view

Pharmacy in public health : (Record no. 14005)

[ view plain ]
MARC details
000 -LEADER
fixed length control field 01602cam a22003974a 4500
001 - CONTROL NUMBER
control field 15870164
003 - CONTROL NUMBER IDENTIFIER
control field OSt
005 - DATE AND TIME OF LATEST TRANSACTION
control field 20140310182519.0
008 - FIXED-LENGTH DATA ELEMENTS--GENERAL INFORMATION
fixed length control field 090813s2010 mdua b 001 0 eng
010 ## - LIBRARY OF CONGRESS CONTROL NUMBER
LC control number 2009033465
016 7# - NATIONAL BIBLIOGRAPHIC AGENCY CONTROL NUMBER
Record control number 101513169
Source DNLM
020 ## - INTERNATIONAL STANDARD BOOK NUMBER
International Standard Book Number 9781585281725
020 ## - INTERNATIONAL STANDARD BOOK NUMBER
International Standard Book Number 1585281727
035 ## - SYSTEM CONTROL NUMBER
System control number (OCoLC)ocn432240586
040 ## - CATALOGING SOURCE
Original cataloging agency DNLM/DLC
Transcribing agency DLC
Modifying agency YDX
-- NLM
-- DLC
042 ## - AUTHENTICATION CODE
Authentication code pcc
050 00 - LIBRARY OF CONGRESS CALL NUMBER
Classification number RS 92
Item number .C27 2010
100 1# - MAIN ENTRY--PERSONAL NAME
Personal name Carter, Jean.
9 (RLIN) 9312
245 10 - TITLE STATEMENT
Title Pharmacy in public health :
Remainder of title basics and beyond /
Statement of responsibility, etc Jean Carter, Marion Slack.
260 ## - PUBLICATION, DISTRIBUTION, ETC. (IMPRINT)
Place of publication, distribution, etc Bethesda, MD :
Name of publisher, distributor, etc American Society of Health-System Pharmacists,
Date of publication, distribution, etc c2010.
300 ## - PHYSICAL DESCRIPTION
Extent 390 p. :
Other physical details ill. ;
Dimensions 26 cm.
500 ## - GENERAL NOTE
General note Includes bibliographical references and index.
650 #0 - SUBJECT ADDED ENTRY--TOPICAL TERM
Topical term or geographic name as entry element Pharmacy.
9 (RLIN) 7408
650 #0 - SUBJECT ADDED ENTRY--TOPICAL TERM
Topical term or geographic name as entry element Public health.
9 (RLIN) 8305
650 12 - SUBJECT ADDED ENTRY--TOPICAL TERM
Topical term or geographic name as entry element Community Pharmacy Services.
9 (RLIN) 8659
650 22 - SUBJECT ADDED ENTRY--TOPICAL TERM
Topical term or geographic name as entry element Public Health.
9 (RLIN) 8305
700 1# - ADDED ENTRY--PERSONAL NAME
Personal name Slack, Marion.
9 (RLIN) 9313
710 2# - ADDED ENTRY--CORPORATE NAME
Corporate name or jurisdiction name as entry element American Society of Health-System Pharmacists.
9 (RLIN) 9314
856 42 - ELECTRONIC LOCATION AND ACCESS
Materials specified Contributor biographical information
Uniform Resource Identifier <a href="http://www.loc.gov/catdir/enhancements/fy1112/2009033465-b.html">http://www.loc.gov/catdir/enhancements/fy1112/2009033465-b.html</a>
856 42 - ELECTRONIC LOCATION AND ACCESS
Materials specified Publisher description
Uniform Resource Identifier <a href="http://www.loc.gov/catdir/enhancements/fy1112/2009033465-d.html">http://www.loc.gov/catdir/enhancements/fy1112/2009033465-d.html</a>
856 41 - ELECTRONIC LOCATION AND ACCESS
Materials specified Table of contents only
Uniform Resource Identifier <a href="http://www.loc.gov/catdir/enhancements/fy1112/2009033465-t.html">http://www.loc.gov/catdir/enhancements/fy1112/2009033465-t.html</a>
906 ## - LOCAL DATA ELEMENT F, LDF (RLIN)
a 7
b cbc
c orignew
d 1
e ecip
f 20
g y-gencatlg
942 ## - ADDED ENTRY ELEMENTS (KOHA)
Source of classification or shelving scheme Library of Congress Classification
Koha item type
Holdings
Withdrawn status Lost status Source of classification or shelving scheme Damaged status Home library Current library Shelving location Date acquired Source of acquisition Total Checkouts Total Renewals Full call number Barcode Date last seen Date checked out Copy number Price effective from Koha item type
    Library of Congress Classification   South SEED-LPDH College Library South SEED-LPDH College Library South SEED-LPDH College Section 08/10/2013 Donation 2 2 RS 92 .C27 2010 SSLC0437 04/20/2017 06/08/2015 1 08/10/2013 Books

Pharmacy in public health :

APA

Carter J., Slack M. & American Society of Health-System Pharmacists. (2010). Pharmacy in public health. Bethesda, MD: American Society of Health-System Pharmacists.

Chicago

Carter Jean, Slack Marion and American Society of Health-System Pharmacists. 2010. Pharmacy in public health. Bethesda, MD: American Society of Health-System Pharmacists.

Harvard

Carter J., Slack M. and American Society of Health-System Pharmacists. (2010). Pharmacy in public health. Bethesda, MD: American Society of Health-System Pharmacists.

MLA

Carter Jean, Slack Marion and American Society of Health-System Pharmacists. Pharmacy in public health. Bethesda, MD: American Society of Health-System Pharmacists. 2010.

  • Place hold
  • Print
  • Cite
  • Add to your cart (remove)
  • Save record
    BIBTEX Dublin Core MARCXML MARC (non-Unicode/MARC-8) MARC (Unicode/UTF-8) MARC (Unicode/UTF-8, Standard) MODS (XML) RIS
  • More searches
    Search for this title in:
    Other Libraries (WorldCat) Other Databases (Google Scholar) Online Stores (Bookfinder.com) Open Library (openlibrary.org)

Exporting to Dublin Core...

SOUTHVILLE LIBRARY

Southville International School and Colleges Library

1281 Tropical Ave. Cor. Luxembourg St., BF Homes International, Las Pinas City

Tel. No. 8256374 / 252358 Loc. 117/146

Powered by Koha